TEXTBOOK OF HOTEL ENGINEERING (Record no. 12976)

MARC details
000 -LEADER
fixed length control field 00326nam a22001457a 4500
003 - CONTROL NUMBER IDENTIFIER
control field SGT
020 ## - INTERNATIONAL STANDARD BOOK NUMBER
International Standard Book Number 978-81-8204-093-9
082 ## - DEWEY DECIMAL CLASSIFICATION NUMBER
Classification number 658.3
Item number T15G
100 ## - MAIN ENTRY--PERSONAL NAME
Personal name GUPTA, R.C.
245 ## - TITLE STATEMENT
Title TEXTBOOK OF HOTEL ENGINEERING
260 ## - PUBLICATION, DISTRIBUTION, ETC. (IMPRINT)
Place of publication, distribution, etc NEW DELHI
Name of publisher, distributor, etc AMAN PUB
Year of Publication 2015
300 ## - PAGE DESCRIPTION
No. of Pages 217
650 ## - SUBJECT ADDED ENTRY--TOPICAL TERM
Topical term or geographic name as entry element HOTEL MANAGEMENT
942 ## - ADDED ENTRY ELEMENTS (KOHA)
Source of classification or shelving scheme Dewey Decimal Classification
Koha item type Books
Holdings
Withdrawn status Lost status Source of classification or shelving scheme Damaged status Not for loan Collection code Home library Current library Shelving location Date acquired Vendor Name Cost, normal purchase price SGTU Bill Number Total Checkouts Full call number Accession No. (Barcode) Date last seen Bill Date Koha item type
    Dewey Decimal Classification     HOTEL MANAGEMENT SGT Science & Social Sciences Library SGT Science & Social Sciences Library Text Book 12/08/2017 JINDAL BOOK SERVICE 375.00 SGTU 1775   658.3 T15G HM757 12/08/2017 07/09/2015 Books